The Holy Quran : text, translation and commentary

Bibliographic Details
Main Author: علي، عبد الله يوسف (Author)
Format: Book
Language:English
Published: Beirut : Dar al Arabia , 1968

MARC

LEADER 00000cam a2200000 7i4500
001 0000005775
005 20220116093000.0
008 021119s1968 le eng
090 0 0 |a BP128.A3   |b A44 1968 
100 1 |a علي، عبد الله يوسف ,   |e author 
245 1 4 |a The Holy Quran :   |b text, translation and commentary   |c Abdullah Yusuf Ali 
260 2 |a Beirut :   |b Dar al Arabia ,   |c 1968 
300 |a 1862 p. ;   |c 26 cm. 
640 0 0 |a Qur'an   |x Commentaries 
999 |a 1000002091   |b Book   |c OPEN SHELF (30 DAYS)   |e Gong Badak Campus 
999 |a 1000002092   |b Book   |c OPEN SHELF (30 DAYS)   |e Gong Badak Campus 
999 |a 1000010503   |b Book   |c OPEN SHELF (30 DAYS)   |e Gong Badak Campus